00976nam a2200277 i 450000100060000000300090000600500170001500700030003200800410003502000180007604000220009408000340011608000330015010000330018324500600021626000630027630000220033949000180036160000400037971000460041974000350046583000260050085200330052699900170055995201220057618036ES-MaACL20260303141304.0t|010730s2000 sp ||||0| spa j a84-7822-305-3 aM-BN bspa cM-BN a929 Mayans y Siscar, Gregorio a81 Mayans y Siscar, Gregorio1 aSiles, Jaime,d1951-910633810aMayans o El fracaso de la inteligencia / cJaime Siles. a[Valencia] : bInstitució Alfons el Magnáanim, c2000. a131 p. ; c17 cm.1 aDebats ; v1214aMayáns y Siscar, Gregorio.9793332 aInstitució Alfons el Magnànim91730013 aEl fracaso de la inteligencia.0 aDebats ; v129179595 aES-MaACLjL-24745 bR.130010 c18036d18036 00104070aATENEOMbATENEOMcDEPO2d2008-01-17eSCl0oL-24745p1018428r2023-02-23 00:00:00w2023-02-23yMONOGRAFIA